<?xml version="1.0" encoding="UTF-8"?>
<record
    xmlns:xsi="http://www.w3.org/2001/XMLSchema-instance"
    xsi:schemaLocation="http://www.loc.gov/MARC21/slim http://www.loc.gov/standards/marcxml/schema/MARC21slim.xsd"
    xmlns="http://www.loc.gov/MARC21/slim">

  <leader>00870nam a2200145   4500</leader>
  <controlfield tag="001">13984</controlfield>
  <controlfield tag="005">20251213175729.0</controlfield>
  <datafield tag="010" ind1=" " ind2=" ">
    <subfield code="a">9782375720912</subfield>
  </datafield>
  <datafield tag="090" ind1=" " ind2=" ">
    <subfield code="a">13984</subfield>
  </datafield>
  <datafield tag="099" ind1=" " ind2=" ">
    <subfield code="o">0</subfield>
  </datafield>
  <datafield tag="100" ind1=" " ind2=" ">
    <subfield code="a">20251213d        u||y0frey50      ba</subfield>
  </datafield>
  <datafield tag="200" ind1=" " ind2=" ">
    <subfield code="a">...d'un acteur ... d'un pays</subfield>
    <subfield code="b">LIVR</subfield>
  </datafield>
  <datafield tag="214" ind1=" " ind2=" ">
    <subfield code="c">L'espace d'un instant</subfield>
  </datafield>
  <datafield tag="330" ind1=" " ind2=" ">
    <subfield code="a">&#xC0; travers une r&#xE9;flexion sur comment faire du th&#xE9;&#xE2;tre ici et maintenant, l&#x2019;acteur vient nous parler comme un r&#xE9;cit &#xE0; l&#x2019;or&#xE9;e de la grande nuit qui esp&#xE8;re le matin. Cette ode &#xE0; la cr&#xE9;ation artistique nous ouvre un chemin &#xE0; mesure que l&#x2019;acteur d&#xE9;ploie son r&#xE9;cit qui seul devient un th&#xE9;&#xE2;tre. C&#x2019;est la parole qui cr&#xE9;e par son surgissement, prend l&#x2019;aspect d&#x2019;un manifeste et l&#x2019;acte d&#x2019;une profession de foi th&#xE9;&#xE2;trale port&#xE9;e &#xE0; nu pour donner &#xE0; r&#xEA;ver, &#xE0; esp&#xE9;rer, &#xE0; b&#xE2;tir un th&#xE9;&#xE2;tre qui nous parle.</subfield>
  </datafield>
  <datafield tag="700" ind1=" " ind2=" ">
    <subfield code="a">Niangouna</subfield>
    <subfield code="b">Dieudonn&#xE9;</subfield>
  </datafield>
  <datafield tag="995" ind1=" " ind2=" ">
    <subfield code="2">0</subfield>
    <subfield code="5">2025-12-13</subfield>
    <subfield code="9">13876</subfield>
    <subfield code="c">JOL</subfield>
    <subfield code="f">JOL-007685</subfield>
    <subfield code="k">TH NIA X</subfield>
    <subfield code="o">0</subfield>
    <subfield code="b">JOL</subfield>
    <subfield code="r">LIVR</subfield>
  </datafield>
</record>
